| 000 | 00959nam0a22003131 4500 | ||
|---|---|---|---|
| 001 | v19\rc\1768195 | ||
| 005 | 20230915143555.0 | ||
| 035 | _a(NLR Aleph) 004866614 | ||
| 090 |
_a5061903 _c5061903 |
||
| 100 | _a20061204d1903 |||y0rusy50 ca | ||
| 101 | 1 |
_arus _cita |
|
| 102 | _aRU | ||
| 105 | _ay z |||a| | ||
| 200 | 1 |
_aИли Джиованнино, или смерть _eПовесть _e[С итал.] _fМатильда Серао |
|
| 210 |
_aМосква _cПравда _dценз. 1903 |
||
| 215 |
_a76 с. _d22 |
||
| 532 | 1 | 3 | _aИли Джиованнино, или смерть |
| 700 | 1 |
_aСерао _bМ. _f1856-1927 _gМатильда _3RU\NLR\AUTH\7775481 |
|
| 801 | 0 |
_aRU _bNLR _gpsbo |
|
| 801 | 0 |
_aRU _bRuMoRGB _2psbo |
|
| 801 | 1 |
_aRU _bProSoft-M _2rusmarc |
|
| 852 |
_aNLR _j34.48.4.646 |
||
| 899 |
_aRuMoRGB _jP 46/362 |
||
| 899 |
_aRuMoRGB _jV 484/1383 |
||
| 899 | _aБАН | ||
| 942 | _cBOOK | ||
| 980 | _aMONB | ||
| 980 | _aNB | ||